000 00959naa a22003017a 4500
001 BR7703854
003 BR-BrBNA
005 20240918174020.0
007 ta
008 230509b bl.||||| |||| 00| 0 por d
040 _aBR-BrBNA
_bpor
_cBiblioteca Nacional de Agricultura
041 _a(Pt)
072 _aE70
_b/G514
090 _aE70 BR7703854
100 1 _aOliveira, L. de
245 1 _aTransportes [Sudeste; Brasil]
260 3 _aRio de Janeiro, RJ (Brasil):
_c1977.
500 _aGeografia do Brasil. Regiao Sudeste Rio de Janeiro, RJ (Brasil): 1977. v. 3 p. 279-348 (BR7703854-AM)E70
650 _aComercializacao
650 _aTransporte
650 _aCirculacao de mercadoria
650 _aImportacao
650 _aExportacao
650 _aSudeste
773 0 _tGeografia do Brasil. Regiao Sudeste
_wE70 BR7703854
_gRio de Janeiro, RJ (Brasil), 1977. v. 3 p. 279-348
909 _a202404
_bLucia
_c55
_dLucia Elande
942 _cAM
_2AGRIS
999 _c308353
_d308353